International routes from Washington Dulles International Airport(IAD) - Statistics

General Stats
  • This quiz has been taken 112 times
    43 since last reset
  • The average score is 77 of 86
Answer Stats
Airline International Route Country % Correct
KLM Amsterdam Netherlands
100%
United Airlines Amsterdam Netherlands
100%
Brussels Airlines Brussels Belgium
100%
Egyptair Cairo Egypt
100%
Aer Lingus Dublin Ireland
100%
United Airlines Dublin Ireland
100%
Lufthansa Frankfurt Germany
100%
United Airlines Frankfurt Germany
100%
TAP Air Portugal Lisbon Portugal
100%
United Airlines Lisbon Portugal
100%
British Airways London-Heathrow United Kingdom
100%
United Airlines London-Heathrow United Kingdom
100%
Virgin Atlantic London-Heathrow United Kingdom
100%
Iberia Madrid Spain
100%
United Airlines Madrid Spain
100%
Aeromexico Mexico City Mexico
100%
United Airlines Mexico City Mexico
100%
Air Canada Express Montreal-Trudeau Canada
100%
United Express Montreal-Trudeau Canada
100%
Lufthansa Munich Germany
100%
United Airlines Munich Germany
100%
ITA Airways Rome-Fiumicino Italy
100%
United Airlines Rome-Fiumicino Italy
100%
EVA Air Taipei-Taoyuan Taiwan
100%
ANA Tokyo-Haneda Japan
100%
United Airlines Tokyo-Haneda Japan
100%
Swiss International Airlines Zurich Switzerland
100%
United Airlines Zurich Switzerland
100%
Etihad Airways Abu Dhabi United Arab Emirates
97%
United Airlines Athens Greece
97%
Air China Beijing-Capital China
97%
Scandinavian Airlines Copenhagen Denmark
97%
Emirates Dubai-International United Arab Emirates
97%
Turkish Airlines Istanbul Turkiye
97%
United Airlines Lagos Nigeria
97%
Copa Airlines Panama City Panama
97%
Avianca Costa Rica San Jose Costa Rica
97%
United Airlines San Jose Costa Rica
97%
Avianca El Salvador San Salvador El Salvador
97%
Frontier Airlines San Salvador El Salvador
97%
United Airlines San Salvador El Salvador
97%
Volaris El Salvador San Salvador El Salvador
97%
Air Premia Seoul-Incheon South Korea
97%
Korean Air Seoul-Incheon South Korea
97%
Air Canada Express Toronto-Billy Bishop Canada
97%
Porter Airlines Toronto-Billy Bishop Canada
97%
Air Canada Toronto-Pearson Canada
97%
Air Canada Express Toronto-Pearson Canada
97%
United Express Toronto-Pearson Canada
97%
Air Canada Vancouver Canada
97%
United Airlines Vancouver Canada
97%
Royal Air Maroc Casablanca Morocco
94%
Qatar Airways Doha Qatar
94%
Avianca Costa Rica Guatemala City Guatemala
94%
United Airlines Guatemala City Guatemala
94%
Icelandair Reykjavik-Keflavik Iceland
94%
United Airlines Reykjavik-Keflavik Iceland
94%
United Airlines Sao Paulo-Guarulhos Brazil
94%
Austrian Airlines Vienna Austria
94%
Ethiopian Airlines Addis Ababa Ethiopia
91%
Royal Jordanian Amman Jordan
91%
United Airlines Calgary Canada
91%
West Jet Calgary Canada
91%
United Airlines Cancun Mexico
91%
United Airlines Cape Town South Africa
91%
United Airlines Edinburgh United Kingdom
91%
United Airlines Geneva Switzerland
91%
Saudia Riyadh Saudi Arabia
91%
Avianca Bogota Colombia
88%
United Airlines Accra Ghana
84%
Saudia Jeddah Saudi Arabia
84%
United Airlines Nice France
84%
United Express Quebec City Canada
84%
United Airlines Venice Italy
81%
United Airlines Montego Bay Jamaica
72%
United Airlines Punta Cana Dominican Republic
72%
United Airlines Aruba Netherlands
66%
United Express Halifax Canada
66%
Ethiopian Airlines Lome Togo
56%
Air France Paris-Charles de Gaulle France
56%
United Airlines Paris-Charles de Gaulle France
56%
United Express Ottawa Canada
53%
Boliviana de Aviación Santa Cruz Bolivia
50%
United Airlines Sint Marteen Netherlands
41%
United Airlines Grand Cayman United Kingdom
34%
United Airlines Providenciales United Kingdom
16%
No matching quizzes found
Score Distribution
Percent of People with Each Score
Percentile by Number Answered
Your Score History
You have not taken this quiz since the last reset